| 000 | 00623nam a2200181 i 4500 | ||
|---|---|---|---|
| 001 | 52808 | ||
| 003 | ES-MaACL | ||
| 005 | 20230906162641.0 | ||
| 007 | t| | ||
| 008 | 030904s1959 sp ||||1| spa d | ||
| 245 | 0 | 0 |
_aDefectos de fundición / _cedición española preparada por Juan Sisquella Argila. |
| 260 |
_aMadrid : _bAguilar, _c1959 ( _fMontaña) |
||
| 300 |
_aXXIII, 189 p., 26 lám. : _bil. ; _c22 cm. |
||
| 500 | _aPrecede al tít.: American Foundrymen's Association. | ||
| 700 | 1 |
_aSisquella Argila, Juan. _9106696 |
|
| 710 | 2 |
_aAmerican Foundrymen's Association. _91357 |
|
| 852 |
_aES-MaACL _jC-16563 _bR.44634 |
||
| 999 |
_c52808 _d52808 |
||